书目信息 |
| 题名: |
大数据时代精准营销
|
|
| 作者: | 李奇 , 毕传福 编著 | |
| 分册: | ||
| 出版信息: | 北京 人民邮电出版社 2015.08 |
|
| 页数: | 197页 | |
| 开本: | 23cm | |
| 丛书名: | ||
| 单 册: | ||
| 中图分类: | F713.365.2 , F713.36 | |
| 科图分类: | ||
| 主题词: | 网络营销 | |
| 电子资源: | ||
| ISBN: | 978-7-115-40042-0 | |
| 000 | 00892nam0 2200253 450 | |
| 001 | 3810 | |
| 005 | 20181008152509.49 | |
| 010 | @a978-7-115-40042-0@dCNY39.00 | |
| 100 | @a20151126d2015 em y0chiy50 ea | |
| 101 | 0 | @achi |
| 102 | @aCN@b110000 | |
| 105 | @ay z 000yy | |
| 200 | 1 | @a大数据时代精准营销@9da shu ju shi dai jing zhun ying xiao@e从IT到DT营销之道@f李奇,毕传福编著 |
| 210 | @a北京@c人民邮电出版社@d2015.08 | |
| 215 | @a197页@d23cm | |
| 330 | @a本书以DT时代的大环境为背景,论述了精准营销的重要性,探讨了企业如何定位、如何进行大数据分析以及如何利用邮件、论坛、微博、微信、微视开展精准营销等。 | |
| 517 | 1 | @a从IT到DT营销之道@9cong IT dao DT ying xiao zhi dao |
| 606 | 0 | @a网络营销 |
| 690 | @aF713.365.2@v5 | |
| 690 | @aF713.36@v4 | |
| 701 | 0 | @a李奇@9li qi@4编著 |
| 701 | 0 | @a毕传福@9bi chuan fu@4编著 |
| 801 | 0 | @aCN@b91MARC@c20151126 |
| 905 | @aMuseLib@dF713.36@e1098 | |
| 大数据时代精准营销:从IT到DT营销之道/李奇,毕传福编著.-北京:人民邮电出版社,2015.08 |
| 197页;23cm |
| ISBN 978-7-115-40042-0:CNY39.00 |
| 本书以DT时代的大环境为背景,论述了精准营销的重要性,探讨了企业如何定位、如何进行大数据分析以及如何利用邮件、论坛、微博、微信、微视开展精准营销等。 |
| ● |
| 相关链接 |
|
|
|
|
正题名:大数据时代精准营销
索取号:F713.36/1098
 
预约/预借
| 序号 | 登录号 | 条形码 | 馆藏地/架位号 | 状态 | 备注 |
| 1 | 1123819 | 211238196 | 第一样本阅览室/ [索取号:F713.36/1098] | 在馆 | |
| 2 | 1123820 | 211238203 | 第一借阅区/ [索取号:F713.36/1098] | 在馆 | |
| 3 | 1123821 | 211238212 | 第一借阅区/ [索取号:F713.36/1098] | 在馆 | |
| 4 | 1123822 | 211238221 | 第一借阅区/ [索取号:F713.36/1098] | 在馆 |